Statistics for Kings of France Quiz

Click here to take the quiz!

General Stats

  • This quiz has been taken 12,796 times
    (12,064 since last reset)
  • The average score is 7 of 22

Answer Stats

Name % Correct
Louis
98%
Charles
86%
Napoleon
81%
Henry
68%
John
62%
Philip
57%
Francis
52%
Robert
35%
Clovis
31%
Hugh Capet
24%
Pepin
22%
Louis-Philippe
21%
Carloman
13%
Theuderic
13%
Dagobert
13%
Odo
12%
Childeric
11%
Rudolph
11%
Lothair
10%
Chlothar
10%
Chilperic
8%
Childebert
8%

Score Distribution

Percentile by Number Answered

Percent of People with Each Score

Your Score History

You have not taken this quiz since the last reset